Missing Word: Shared Classical Music/Movies Quiz Stats

 Plays Quiz Updated Jan 31, 2019

Support Sporcle.
Go Orange.
Score 0/20 Timer 03:00
1 Play Today
Classical Composition Word % Correct
Sleeping ________Beauty
98.7%
The _____ SeasonsFour
97.1%
Adagio for ______Strings
91.3%
______light SonataMoon
89.6%
Hungarian _______Dances
85%
______ of the BumblebeeFlight
83.2%
In the ____ of the Mountain KingHall
82.2%
The Bartered _______Bride
77.4%
Music for the _____ FireworksRoyal
77.2%
The _____ FluteMagic
77.1%
Classical Composition Word % Correct
______ Danube WaltzBlue
74.7%
_____ on the G StringAir
73.4%
Mendelssohn's '_______' Symphony (no. 4)Italian
70.9%
Britten's War _______Requiem
61%
Raindrop _________ in D-Flat MajorPrelude
55.3%
The _____ of SpringRite
45.2%
Orpheus in the ________Underworld
38%
The _____ of TuonelaSwan
36.1%
'_____ the New World' SymphonyFrom
27.8%
Haydn's '______' Symphony (no. 45)Farewell
22.2%

Today's Daily Dose

From the Vault

Remove Ads.
Support Sporcle.
Get the best of Sporcle when you Go Orange. This ad-free experience offers more features, more stats, and more fun while also helping to support Sporcle. Thank you for becoming a member.

Show Comments

Extras

Top Quizzes Today


Score Distribution

Your Account Isn't Verified!

In order to create a playlist on Sporcle, you need to verify the email address you used during registration. Go to your Sporcle Settings to finish the process.

Report this User

Report this user for behavior that violates our Community Guidelines.

Details: